[Event "SVK-chT1W 1516"]
[Site "Slovakia"]
[Date "2016.02.20"]
[Round "8.7"]
[White "Gorusa, Miroslav"]
[Black "Miklas, Marian"]
[Result "1-0"]
[WhiteElo "2167"]
[BlackElo "2092"]
[PlyCount "109"]
[EventDate "2015.10.24"]
[EventType "team-tourn"]
[EventRounds "11"]
[EventCountry "SVK"]
[SourceTitle "EXT 2017"]
[Source "ChessBase"]
[SourceDate "2016.10.25"]
[SourceVersion "1"]
[SourceVersionDate "2016.10.25"]
[SourceQuality "1"]
[WhiteTeam "Nitra"]
[BlackTeam "Trnava Lokomotiva"]
[WhiteTeamCountry "SVK"]
[BlackTeamCountry "SVK"]

1. d4 Nf6 2. c4 g6 3. Nc3 Bg7 4. Bf4 0-0 5. e3 d6 6. Be2 Nc6 7. Nf3 Nh5 8. Bg5 h6 9. Bh4 g5 10. Nd2 gxh4 11. Bxh5 e5 12. d5 Ne7 13. e4 f5 14. 0-0 Kh8 15. exf5 Bxf5 16. Bg4 Bxg4 17. Qxg4 Rf4 18. Qh3 Qc8 19. Qxc8+ Rxc8 20. Nce4 Nf5 21. Rac1 Nd4 22. Rfe1 Bf8 23. Rc3 Be7 24. Nb3 Nxb3 25. Rxb3 b6 26. g3 Rg8 27. Kg2 Rgg4 28. Rbe3 Rf7 29. h3 Rg8 30. Rf3 Rxf3 31. Kxf3 hxg3 32. fxg3 Kg7 33. Kg2 Rf8 34. Re3 Bg5 35. Rf3 Rxf3 36. Kxf3 Kg6 37. g4 h5 38. Ng3 hxg4+ 39. Kxg4 Bd2 40. h4 Bc1 41. b4 a6 42. b5 a5 43. h5+ Kf6 44. Ne4+ Kg7 45. Kf5 Kf7 46. c5 dxc5 47. d6 Ke8 48. Kxe5 Kd8 49. Kd5 Bf4 50. dxc7+ Kxc7 51. Nf6 Be3 52. Ng4 Bd4 53. h6 Kd7 54. h7 Bh8 55. Ne5+ 1-0

[Event "SVK-chT1W 1415"]
[Site "Slovakia"]
[Date "2015.03.14"]
[Round "10.6"]
[White "Gorusa, Miroslav"]
[Black "Hoppan, Igor"]
[Result "1-0"]
[WhiteElo "2172"]
[BlackElo "1628"]
[PlyCount "47"]
[EventDate "2014.10.18"]
[EventType "team-tourn"]
[EventRounds "11"]
[EventCountry "SVK"]
[SourceTitle "EXT 2016"]
[Source "ChessBase"]
[SourceDate "2015.10.08"]
[SourceVersion "1"]
[SourceVersionDate "2015.10.08"]
[SourceQuality "1"]
[WhiteTeam "Nitra NSK"]
[BlackTeam "Prievidza SK"]
[WhiteTeamCountry "SVK"]
[BlackTeamCountry "SVK"]

1. d4 Nf6 2. c4 d6 3. Nc3 g6 4. Bf4 Bg7 5. e3 0-0 6. Be2 c6 7. h3 d5 8. Nf3 Bf5 9. 0-0 Nbd7 10. Rc1 Rc8 11. b4 Qb6 12. Qb3 Be4 13. Nxe4 Nxe4 14. cxd5 cxd5 15. Qxd5 Nc3 16. Rxc3 Rxc3 17. Qxd7 Qxb4 18. Bd1 Ra3 19. Bb3 Ra6 20. Rc1 b5 21. Rc7 e6 22. Ng5 Bf6 23. Nxf7 Be7 24. Nh6+ 1-0

[Event "SVK-chT1W 1415"]
[Site "Slovakia"]
[Date "2015.03.01"]
[Round "9.2"]
[White "Gombar, Peter"]
[Black "Gorusa, Miroslav"]
[Result "0-1"]
[WhiteElo "1994"]
[BlackElo "2172"]
[PlyCount "86"]
[EventDate "2014.10.18"]
[EventType "team-tourn"]
[EventRounds "11"]
[EventCountry "SVK"]
[SourceTitle "EXT 2016"]
[Source "ChessBase"]
[SourceDate "2015.10.08"]
[SourceVersion "1"]
[SourceVersionDate "2015.10.08"]
[SourceQuality "1"]
[WhiteTeam "Povazska Bystrica SK Sparta"]
[BlackTeam "Nitra NSK"]
[WhiteTeamCountry "SVK"]
[BlackTeamCountry "SVK"]

1. e4 e5 2. Nf3 Nc6 3. Bb5 a6 4. Bxc6 dxc6 5. d4 exd4 6. Qxd4 Bg4 7. Qxd8+ Rxd8 8. Bg5 f6 9. Bf4 Rd7 10. Nbd2 Bc5 11. 0-0 Ne7 12. h3 Be6 13. Nb3 Bxb3 14. axb3 Ng6 15. Bg3 0-0 16. Rfd1 Re7 17. Rd2 Rfe8 18. Rad1 Nf8 19. c3 Bb6 20. Rd8 Rxe4 21. Rxe8 Rxe8 22. Kf1 Kf7 23. Rd3 Ne6 24. Nd2 Ke7 25. Ne4 Rd8 26. Ke2 Rxd3 27. Kxd3 f5 28. Bh4+ Kd7 29. Nd2 Nf4+ 30. Kc2 Nxg2 31. Bg3 f4 32. Bh2 Bxf2 33. Ne4 Be3 34. Kd3 h6 35. Ke2 Nh4 36. Bg3 Nf5 37. Be1 Nd6 38. Ng3 Bc1 39. Nh5 g5 40. Kf3 Bxb2 41. h4 Nb5 42. hxg5 hxg5 43. Nf6+ Ke6 0-1

[Event "SVK-chT1W 1415"]
[Site "Slovakia"]
[Date "2015.02.28"]
[Round "8.1"]
[White "Orgon, Dusan"]
[Black "Gorusa, Miroslav"]
[Result "0-1"]
[WhiteElo "2066"]
[BlackElo "2172"]
[PlyCount "152"]
[EventDate "2014.10.18"]
[EventType "team-tourn"]
[EventRounds "11"]
[EventCountry "SVK"]
[SourceTitle "EXT 2016"]
[Source "ChessBase"]
[SourceDate "2015.10.08"]
[SourceVersion "1"]
[SourceVersionDate "2015.10.08"]
[SourceQuality "1"]
[WhiteTeam "Dubnica nad Vahom II"]
[BlackTeam "Nitra NSK"]
[WhiteTeamCountry "SVK"]
[BlackTeamCountry "SVK"]

1. d4 d5 2. Bg5 Nd7 3. Nf3 Ngf6 4. e3 e6 5. c4 Be7 6. Nc3 0-0 7. Bd3 b6 8. 0-0 Bb7 9. Rc1 c5 10. Qe2 h6 11. Bf4 Nh5 12. Be5 g6 13. Rfd1 dxc4 14. Bxc4 Bxf3 15. Qxf3 Nxe5 16. dxe5 Qc7 17. g4 Ng7 18. Qe4 Rad8 19. f4 Rxd1+ 20. Rxd1 Rd8 21. Qf3 Rxd1+ 22. Qxd1 Qd8 23. Qc2 Qd7 24. Bd3 Kf8 25. Kg2 Bd8 26. Ne4 Be7 27. Nc3 Bd8 28. a4 Be7 29. Be4 Kg8 30. Kf3 Kf8 31. Ke2 c4 32. Nb5 Bb4 33. Nd4 Qc8 34. Nc6 a5 35. Qxc4 Bc5 36. Nd4 Qd8 37. Nf3 h5 38. h3 hxg4 39. hxg4 Ke7 40. Qa6 Ne8 41. Bc6 Nc7 42. Qb7 Kf8 43. Ng5 Kg7 44. Be4 Qe7 45. Bg2 Qd8 46. Qf3 Bb4 47. Ne4 Qh4 48. Nf2 Nd5 49. Nd3 Qh2 50. f5 Bc5 51. f6+ Kh6 52. Nxc5 bxc5 53. Qh3+ Qxh3 54. Bxh3 Kg5 55. Bg2 Nb6 56. Kf3 Nxa4 57. b3 Nb6 58. Bf1 Nd7 59. Ke4 Kxg4 60. Bb5 Nf8 61. Be8 Nh7 62. Kd3 Ng5 63. Kc4 Kf5 64. Kxc5 Kxe5 65. Kb6 Kd6 66. Kxa5 Kc7 67. Kb4 Kd8 68. Bc6 Nh7 69. Kc5 Kc7 70. b4 Nxf6 71. b5 g5 72. b6+ Kb8 73. Kd6 g4 74. Ke5 Nd5 75. Bxd5 exd5 76. Kf4 f5 0-1

[Event "SVK-chT2B 1415"]
[Site "Slovakia"]
[Date "2015.02.15"]
[Round "9.2"]
[White "Gorusa, Miroslav"]
[Black "Berek, Geza"]
[Result "1-0"]
[WhiteElo "2172"]
[BlackElo "2143"]
[PlyCount "115"]
[EventDate "2014.10.11"]
[EventType "team-tourn"]
[EventRounds "11"]
[EventCountry "SVK"]
[SourceTitle "EXT 2019"]
[Source "ChessBase"]
[SourceDate "2018.10.10"]
[SourceVersion "1"]
[SourceVersionDate "2018.10.10"]
[SourceQuality "1"]
[WhiteTeam "Nitra NSK II"]
[BlackTeam "Batorove Kosihy"]
[WhiteTeamCountry "SVK"]
[BlackTeamCountry "SVK"]

1. d4 g6 2. e4 Bg7 3. Nc3 d6 4. Be2 a6 5. Nf3 b5 6. a4 b4 7. Na2 a5 8. c3 bxc3 9. bxc3 c6 10. 0-0 Nd7 11. Rb1 Qc7 12. Be3 Ba6 13. Bxa6 Rxa6 14. Qd3 Ra8 15. Rb2 Ngf6 16. Rfb1 0-0 17. Rb7 Qc8 18. c4 Ne8 19. Bg5 f6 20. Be3 Nc7 21. c5 d5 22. Nc3 e6 23. R7b2 Na6 24. exd5 exd5 25. Bf4 Nb4 26. Qd2 Qa6 27. Na2 Nd3 28. Rb7 Rf7 29. Rc7 Nxf4 30. Qxf4 Qc4 31. Qd2 Qxa4 32. Nc3 Qc4 33. Rxc6 Bh6 34. Qxh6 Qxc3 35. Qe3 Qc2 36. Qb3 Qe4 37. Re1 a4 38. Qa2 Qd3 39. Qxd5 Qb3 40. Rd6 Qxd5 41. Rxd5 a3 42. Ra1 a2 43. Kf1 Re7 44. Ne1 Rae8 45. Nc2 Rb8 46. g3 Rb2 47. c6 Nf8 48. Rc5 Ne6 49. Rc4 Nc7 50. Ne3 Nb5 51. d5 Kf7 52. Rcc1 Nd4 53. c7 Rxe3 54. c8Q Ree2 55. Rc7+ Re7 56. Rxe7+ Kxe7 57. Qc1 Rc2 58. Qe3+ 1-0

[Event "SVK-chT2B 1415"]
[Site "Slovakia"]
[Date "2014.12.07"]
[Round "6.5"]
[White "Bednar, Jan"]
[Black "Gorusa, Miroslav"]
[Result "1-0"]
[WhiteElo "2162"]
[BlackElo "2172"]
[PlyCount "107"]
[EventDate "2014.10.11"]
[EventType "team-tourn"]
[EventRounds "11"]
[EventCountry "SVK"]
[SourceTitle "EXT 2019"]
[Source "ChessBase"]
[SourceDate "2018.10.10"]
[SourceVersion "1"]
[SourceVersionDate "2018.10.10"]
[SourceQuality "1"]
[WhiteTeam "Surany Lokomotiva"]
[BlackTeam "Nitra NSK II"]
[WhiteTeamCountry "SVK"]
[BlackTeamCountry "SVK"]

1. d4 d5 2. c4 c6 3. Nf3 Nf6 4. Nc3 e6 5. Bg5 h6 6. Bxf6 Qxf6 7. e3 Nd7 8. Bd3 g6 9. 0-0 Bg7 10. Qb3 0-0 11. e4 dxe4 12. Nxe4 Qe7 13. Rfe1 Rd8 14. Rad1 Nf6 15. Nc3 Qc7 16. Qc2 Bd7 17. Qe2 Be8 18. Bb1 Rac8 19. Ne5 c5 20. d5 exd5 21. cxd5 a6 22. a4 c4 23. a5 Qxa5 24. Nxc4 Qc5 25. Ba2 Nxd5 26. Nxd5 Rxd5 27. Rxd5 Qxd5 28. Nb6 Qxa2 29. Nxc8 Bb5 30. Ne7+ Kh7 31. Qc2 Qc4 32. Qd2 Qd4 33. Qxd4 Bxd4 34. Nc8 Bxb2 35. Nd6 Bc6 36. Rb1 Bc3 37. Nxb7 Bxb7 38. Rxb7 Kg7 39. Ra7 a5 40. Kf1 g5 41. Ke2 Kg6 42. g4 f5 43. Ra6+ Bf6 44. gxf5+ Kxf5 45. Rxa5+ Be5 46. h3 h5 47. Ra8 g4 48. Rf8+ Kg5 49. Rg8+ Kf4 50. hxg4 hxg4 51. Rf8+ Ke4 52. Ra8 Bd4 53. Ra4 Kd5 54. Kf1 1-0

[Event "SVK-chT1W 1415"]
[Site "Slovakia"]
[Date "2014.10.18"]
[Round "1.5"]
[White "Gorusa, Miroslav"]
[Black "Hacik, Radomir"]
[Result "1/2-1/2"]
[WhiteElo "2172"]
[BlackElo "2143"]
[PlyCount "46"]
[EventDate "2014.10.18"]
[EventType "team-tourn"]
[EventRounds "11"]
[EventCountry "SVK"]
[SourceTitle "EXT 2016"]
[Source "ChessBase"]
[SourceDate "2015.10.08"]
[SourceVersion "1"]
[SourceVersionDate "2015.10.08"]
[SourceQuality "1"]
[WhiteTeam "Nitra NSK"]
[BlackTeam "Bratislava Slovan III"]
[WhiteTeamCountry "SVK"]
[BlackTeamCountry "SVK"]

1. d4 Nf6 2. c4 e6 3. Nc3 d5 4. Nf3 Be7 5. Bg5 0-0 6. e3 h6 7. Bh4 b6 8. Be2 Bb7 9. 0-0 dxc4 10. Bxc4 Ne4 11. Bxe7 Qxe7 12. Qe2 Nd7 13. Bd3 Ndf6 14. Rac1 Rfc8 15. Nxe4 Nxe4 16. Rc2 c5 17. Rfc1 Qf8 18. Ba6 Bxa6 19. Qxa6 Rd8 20. a3 cxd4 21. Nxd4 Nc5 22. Qb5 Rd5 23. Qe2 e5 1/2-1/2

[Event "SVK-chT1W 1314"]
[Site "Slovakia"]
[Date "2014.03.02"]
[Round "9.1"]
[White "Motuz, Karol"]
[Black "Gorusa, Miroslav"]
[Result "1/2-1/2"]
[WhiteElo "2305"]
[BlackElo "2146"]
[PlyCount "80"]
[EventDate "2013.10.12"]
[EventType "team-tourn"]
[EventRounds "11"]
[EventCountry "SVK"]
[SourceTitle "EXT 2015"]
[Source "ChessBase"]
[SourceDate "2014.11.20"]
[SourceVersion "1"]
[SourceVersionDate "2014.11.20"]
[SourceQuality "1"]
[WhiteTeam "Povazska Bystrica"]
[BlackTeam "Nitra"]
[WhiteTeamCountry "SVK"]
[BlackTeamCountry "SVK"]

1. d4 d5 2. c4 c6 3. Nf3 Nf6 4. Nc3 e6 5. Bg5 h6 6. Bxf6 Qxf6 7. e3 Nd7 8. Bd3 dxc4 9. Bxc4 g5 10. 0-0 Bg7 11. a3 0-0 12. Ba2 Rd8 13. Qc2 e5 14. d5 Nb6 15. dxc6 Qxc6 16. e4 Be6 17. Bxe6 Qxe6 18. Rfd1 Bf8 19. a4 a5 20. Qe2 Bb4 21. Qb5 f6 22. Ne2 Qc6 23. Qxc6 bxc6 24. Rdc1 c5 25. h3 h5 26. Ng3 h4 27. Nf5 Kf7 28. Ne3 Rd3 29. Kf1 Rad8 30. Ke2 Rb3 31. Rc2 Ke6 32. Ra2 Rc8 33. Nc4 Nxc4 34. Rxc4 Rd8 35. Rc2 Rbd3 36. Ra1 R8d7 37. Rb1 Rd8 38. Rcc1 Rb3 39. Rc2 Rbd3 40. Rcc1 Rb3 1/2-1/2

[Event "SVK-chT2B 1314"]
[Site "Slovakia"]
[Date "2014.02.22"]
[Round "8.3"]
[White "Bojda, Lubomir"]
[Black "Gorusa, Miroslav"]
[Result "1/2-1/2"]
[WhiteElo "2174"]
[BlackElo "2146"]
[PlyCount "141"]
[EventDate "2013.10.19"]
[EventType "team-tourn"]
[EventRounds "11"]
[EventCountry "SVK"]
[SourceTitle "EXT 2015"]
[Source "ChessBase"]
[SourceDate "2014.11.20"]
[SourceVersion "1"]
[SourceVersionDate "2014.11.20"]
[SourceQuality "1"]
[WhiteTeam "Surany"]
[BlackTeam "Nitra NSK II"]
[WhiteTeamCountry "SVK"]
[BlackTeamCountry "SVK"]

1. d4 Nf6 2. Nf3 g6 3. c4 Bg7 4. Nc3 d5 5. cxd5 Nxd5 6. e4 Nxc3 7. bxc3 c5 8. Bb5+ Bd7 9. Bc4 Nc6 10. 0-0 0-0 11. Rb1 Qc7 12. Be3 Rad8 13. Qc1 cxd4 14. cxd4 Rc8 15. Bd5 e6 16. Bb3 Na5 17. Qa3 Nxb3 18. Rxb3 Bc6 19. Rc1 Qb8 20. Nd2 Rfd8 21. Rd3 b6 22. f3 Bb7 23. Nb3 Rxc1+ 24. Qxc1 Rc8 25. Rc3 Rxc3 26. Qxc3 Qc8 27. Qd2 Qc4 28. h4 f5 29. e5 a5 30. Qb2 Bd5 31. Nd2 Qb4 32. Qc2 Bf8 33. h5 Qb5 34. h6 Qc6 35. Qb2 b5 36. Nb3 Bxb3 37. Qxb3 a4 38. Qb2 Qc4 39. a3 b4 40. axb4 Qxb4 41. Qa1 Qb3 42. Bd2 a3 43. Bc3 Bxh6 44. d5 exd5 45. e6 Qb6+ 46. Kh1 Qxe6 47. Qxa3 Bf8 48. Qa7 h5 49. Qd4 Kf7 50. Qh8 Be7 51. f4 Bc5 52. Be5 Bd6 53. Qh7+ Ke8 54. Qh8+ Kd7 55. Bc3 Bxf4 56. Qg7+ Kc6 57. Qa7 Be3 58. Qa6+ Bb6 59. Kh2 Qd6+ 60. Kh3 d4 61. Bd2 d3 62. Qc4+ Kb7 63. Bf4 Qd4 64. Qf7+ Ka6 65. Qa2+ Kb5 66. Qb3+ Kc5 67. Qa3+ Kd5 68. Qa8+ Kc4 69. Qa4+ Kc3 70. Be5 Qxe5 71. Qa1+ 1/2-1/2

[Event "SVK-chT1W 1314"]
[Site "Slovakia"]
[Date "2014.02.02"]
[Round "7.2"]
[White "Gorusa, Miroslav"]
[Black "Kukel, Imre1111"]
[Result "0-1"]
[WhiteElo "2146"]
[BlackElo "2249"]
[PlyCount "152"]
[EventDate "2013.10.12"]
[EventType "team-tourn"]
[EventRounds "11"]
[EventCountry "SVK"]
[SourceTitle "EXT 2015"]
[Source "ChessBase"]
[SourceDate "2014.11.20"]
[SourceVersion "1"]
[SourceVersionDate "2014.11.20"]
[SourceQuality "1"]
[WhiteTeam "Nitra"]
[BlackTeam "Komarno"]
[WhiteTeamCountry "SVK"]
[BlackTeamCountry "SVK"]

1. d4 Nf6 2. c4 g6 3. Nc3 d5 4. Nf3 Bg7 5. Qb3 dxc4 6. Qxc4 0-0 7. e4 a6 8. Qb3 c5 9. d5 e6 10. dxe6 Bxe6 11. Qxb7 Nbd7 12. Bf4 Qa5 13. Bc7 Qb4 14. Qxb4 cxb4 15. Nd1 Nxe4 16. Be2 Rfc8 17. Bf4 a5 18. 0-0 Ndc5 19. Be5 a4 20. Bxg7 Kxg7 21. Ne3 a3 22. b3 Nc3 23. Bc4 Bxc4 24. Nxc4 Re8 25. Rfe1 Rxe1+ 26. Nxe1 Re8 27. Ne3 f5 28. g3 Kf6 29. Kf1 Rd8 30. N3c2 Na6 31. Nf3 Rd1+ 32. Rxd1 Nxd1 33. Ke2 Nc3+ 34. Kd3 Nxa2 35. Kc4 Ke6 36. Nfd4+ Kd6 37. Ne2 Kc6 38. Ned4+ Kb6 39. f4 Ka5 40. Nc6+ Kb6 41. N6d4 Nc7 42. Ne3 Nc3 43. Kxb4 a2 44. Nec2 N7b5 45. Ne6 Nd5+ 46. Ka4 Ne3 47. Na1 h6 48. h4 Nf1 49. Nf8 Kc5 50. Nxg6 Nxg3 51. Ne5 Nc3+ 52. Ka3 Nd5 53. Kxa2 Nxf4 54. Nc2 Ng2 55. b4+ Kd5 56. Nf3 f4 57. Kb3 Nf5 58. Ka4 Ngxh4 59. Nxh4 Nxh4 60. b5 Nf5 61. b6 Nd6 62. Ne1 h5 63. Nf3 Kc6 64. Kb4 Kxb6 65. Nd4 h4 66. Kc3 h3 67. Nf3 Kc5 68. Kd3 Kd5 69. Ke2 Ne4 70. Kf1 Nf6 71. Ng5 h2 72. Kg2 Ng4 73. Nf3 Ke4 74. Ng5+ Ke3 75. Kh1 Kf2 76. Nf3 Kg3 0-1

[Event "SVK-chT2B 1314"]
[Site "Slovakia"]
[Date "2014.01.11"]
[Round "5.3"]
[White "Jancovic, Peter"]
[Black "Gorusa, Miroslav"]
[Result "1-0"]
[WhiteElo "2186"]
[BlackElo "2146"]
[PlyCount "65"]
[EventDate "2013.10.19"]
[EventType "team-tourn"]
[EventRounds "11"]
[EventCountry "SVK"]
[SourceTitle "EXT 2015"]
[Source "ChessBase"]
[SourceDate "2014.11.20"]
[SourceVersion "1"]
[SourceVersionDate "2014.11.20"]
[SourceQuality "1"]
[WhiteTeam "Nitra ASK"]
[BlackTeam "Nitra NSK II"]
[WhiteTeamCountry "SVK"]
[BlackTeamCountry "SVK"]

1. e4 e5 2. Nf3 Nc6 3. Bb5 a6 4. Ba4 Nf6 5. 0-0 b5 6. Bb3 Bd6 7. d4 Bb7 8. Bg5 h6 9. Bh4 0-0 10. c3 g5 11. Bg3 Nxe4 12. Bxe5 Nxe5 13. dxe5 Be7 14. a4 c5 15. Nbd2 d5 16. exd6 Bxd6 17. Qc2 Re8 18. Rae1 Qe7 19. h3 c4 20. Ba2 f5 21. Bb1 Qf7 22. Nd4 Qd5 23. Nxe4 fxe4 24. Qe2 Qe5 25. g3 e3 26. Qxe3 Qd5 27. Qxe8+ Rxe8 28. Rxe8+ Kf7 29. Re4 bxa4 30. Rfe1 a3 31. bxa3 Bxa3 32. Ba2 a5 33. Nb5 1-0

[Event "SVK-chT1W 1314"]
[Site "Slovakia"]
[Date "2013.12.14"]
[Round "5.5"]
[White "Gorusa, Miroslav"]
[Black "Pinter, Patrik"]
[Result "1/2-1/2"]
[WhiteElo "2146"]
[BlackElo "2162"]
[PlyCount "62"]
[EventDate "2013.10.12"]
[EventType "team-tourn"]
[EventRounds "11"]
[EventCountry "SVK"]
[SourceTitle "EXT 2015"]
[Source "ChessBase"]
[SourceDate "2014.11.20"]
[SourceVersion "1"]
[SourceVersionDate "2014.11.20"]
[SourceQuality "1"]
[WhiteTeam "Nitra"]
[BlackTeam "Prievidza"]
[WhiteTeamCountry "SVK"]
[BlackTeamCountry "SVK"]

1. d4 g6 2. c4 Bg7 3. Bf4 c5 4. e3 Nc6 5. Nf3 d6 6. Nc3 Bg4 7. d5 Ne5 8. Qa4+ Bd7 9. Qc2 Nxf3+ 10. gxf3 Nf6 11. Bd3 a6 12. e4 0-0 13. Be3 e6 14. h4 b5 15. dxe6 fxe6 16. e5 Nh5 17. exd6 bxc4 18. Bxc4 Rb8 19. 0-0-0 Qa5 20. Rd2 Rb4 21. Nd1 Rfb8 22. Rg1 Kh8 23. Rg5 Rc8 24. Rd3 Qa4 25. Qxa4 Rxa4 26. b3 Rxa2 27. Rxc5 Rxc5 28. Bxc5 Nf4 29. Re3 Ra1+ 30. Kd2 Ra2+ 31. Kc1 Ra1+ 1/2-1/2

[Event "SVK-chT1W 1314"]
[Site "Slovakia"]
[Date "2013.10.13"]
[Round "2.3"]
[White "Gorusa, Miroslav"]
[Black "Vass, Frantisek"]
[Result "1-0"]
[WhiteElo "2146"]
[BlackElo "2283"]
[PlyCount "49"]
[EventDate "2013.10.12"]
[EventType "team-tourn"]
[EventRounds "11"]
[EventCountry "SVK"]
[SourceTitle "EXT 2015"]
[Source "ChessBase"]
[SourceDate "2014.11.20"]
[SourceVersion "1"]
[SourceVersionDate "2014.11.20"]
[SourceQuality "1"]
[WhiteTeam "Nitra"]
[BlackTeam "Trnava Lokomotiva"]
[WhiteTeamCountry "SVK"]
[BlackTeamCountry "SVK"]

1. d4 d5 2. c4 Bf5 3. Qb3 e6 4. Qxb7 Nd7 5. Nc3 Rb8 6. Qxa7 Ngf6 7. e3 Ne4 8. Nxe4 Bxe4 9. c5 e5 10. Ne2 Be7 11. Nc3 exd4 12. exd4 Bf6 13. Nxe4 Bxd4 14. Qa4 Bxb2 15. Bxb2 Rxb2 16. Qd4 Qb8 17. Nc3 0-0 18. Be2 Rb4 19. Qxd5 Nf6 20. Qf3 Ne4 21. Nxe4 Rb1+ 22. Rxb1 Qxb1+ 23. Bd1 Qb4+ 24. Nc3 Re8+ 25. Be2 1-0

[Event "SVK-chT2B 1213"]
[Site "Slovakia"]
[Date "2013.03.17"]
[Round "11.3"]
[White "Kavon, Rastislav"]
[Black "Gorusa, Miroslav"]
[Result "1/2-1/2"]
[WhiteElo "1943"]
[BlackElo "2167"]
[PlyCount "69"]
[EventDate "2012.10.13"]
[EventType "team-tourn"]
[EventRounds "11"]
[EventCountry "SVK"]
[SourceTitle "EXT 2015"]
[Source "ChessBase"]
[SourceDate "2014.11.20"]
[SourceVersion "1"]
[SourceVersionDate "2014.11.20"]
[SourceQuality "1"]
[WhiteTeam "Myjava Spartak"]
[BlackTeam "Nitra II"]
[WhiteTeamCountry "SVK"]
[BlackTeamCountry "SVK"]

1. e4 e5 2. Nf3 Nc6 3. Bc4 Bc5 4. Nc3 Nf6 5. 0-0 d6 6. h3 0-0 7. d3 Be6 8. Bg5 h6 9. Bh4 Nb8 10. Bb3 Nbd7 11. d4 exd4 12. Nxd4 Bxb3 13. axb3 Qe8 14. Re1 Qe5 15. Nf3 Qh5 16. Bxf6 Nxf6 17. e5 Ne8 18. Na4 Qg6 19. Re2 a6 20. Nxc5 dxc5 21. Qd5 Qb6 22. e6 c6 23. Qe5 Nc7 24. exf7+ Rxf7 25. Rae1 Re8 26. Qg3 Rxe2 27. Rxe2 Nd5 28. Re8+ Rf8 29. Qb8 Rxe8 30. Qxe8+ Kh7 31. Ne5 Qc7 32. Qg6+ Kg8 33. Qe6+ Kh7 34. Qg6+ Kg8 35. Qe8+ 1/2-1/2

[Event "SVK-chT2B 1213"]
[Site "Slovakia"]
[Date "2013.03.16"]
[Round "10.3"]
[White "Gorusa, Miroslav"]
[Black "Riabov, Alexander"]
[Result "1-0"]
[WhiteElo "2167"]
[BlackElo "2075"]
[PlyCount "69"]
[EventDate "2012.10.13"]
[EventType "team-tourn"]
[EventRounds "11"]
[EventCountry "SVK"]
[SourceTitle "EXT 2015"]
[Source "ChessBase"]
[SourceDate "2014.11.20"]
[SourceVersion "1"]
[SourceVersionDate "2014.11.20"]
[SourceQuality "1"]
[WhiteTeam "Nitra II"]
[BlackTeam "Topolcany"]
[WhiteTeamCountry "SVK"]
[BlackTeamCountry "SVK"]

1. d4 d5 2. c4 Nc6 3. Nf3 Bg4 4. e3 e5 5. Qb3 Bxf3 6. gxf3 Bb4+ 7. Bd2 Bxd2+ 8. Nxd2 exd4 9. cxd5 dxe3 10. fxe3 Qh4+ 11. Kd1 Nd8 12. Qc3 Nf6 13. Qe5+ Kf8 14. e4 Ne8 15. Rc1 a6 16. Nc4 Qe7 17. Qd4 Ne6 18. Qe5 Rd8 19. Kc2 Ng5 20. Qg3 f6 21. h4 Nf7 22. Bh3 Ne5 23. Nxe5 Qxe5 24. Qxe5 fxe5 25. Rhg1 Ke7 26. Rg5 Kd6 27. Kd3 Rf8 28. Ke3 Rf4 29. h5 Rh4 30. Bf5 Rh2 31. Rb1 h6 32. Rg6+ Nf6 33. Rxg7 Rxh5 34. Rf7 Nd7 35. Rg1 1-0

[Event "SVK-chT 1213"]
[Site "Slovakia"]
[Date "2012.11.25"]
[Round "4.5"]
[White "Repkova, Eva"]
[Black "Gorusa, Miroslav"]
[Result "1-0"]
[WhiteElo "2378"]
[BlackElo "2167"]
[PlyCount "71"]
[EventDate "2012.10.27"]
[EventType "team-tourn"]
[EventRounds "11"]
[EventCountry "SVK"]
[SourceTitle "EXT 2014"]
[Source "ChessBase"]
[SourceDate "2013.11.20"]
[SourceVersion "1"]
[SourceVersionDate "2013.11.20"]
[SourceQuality "1"]
[WhiteTeam "Kosice"]
[BlackTeam "Nitra"]
[WhiteTeamCountry "SVK"]
[BlackTeamCountry "SVK"]

1. e4 e5 2. Nf3 Nc6 3. Bc4 Nf6 4. d3 Be7 5. Nbd2 0-0 6. Bb3 d6 7. c3 Be6 8. Nf1 Qd7 9. Ng3 h6 10. 0-0 d5 11. Ba4 Bd6 12. Nh4 dxe4 13. dxe4 Be7 14. Qf3 Bg4 15. Qe3 Nxe4 16. Qxe4 Bxh4 17. f3 Bxg3 18. fxg4 Bf4 19. Bxf4 exf4 20. Bc2 g6 21. Qxf4 Kg7 22. Qf6+ Kh7 23. Bb3 Qxg4 24. Bxf7 Qg5 25. Qe6 Rad8 26. h4 Qc5+ 27. Kh1 Qh5 28. Qf6 Ne5 29. Qe7 Kh8 30. Rae1 Nxf7 31. Rxf7 Rxf7 32. Qxd8+ Kh7 33. Re8 g5 34. Qd3+ Qg6 35. Rh8+ Kg7 36. Qd4+ 1-0

[Event "SVK-chT1W 1112"]
[Site "Slovakia"]
[Date "2012.02.05"]
[Round "9.7"]
[White "Kolcak, Marek"]
[Black "Gorusa, Miroslav"]
[Result "1/2-1/2"]
[WhiteElo "2145"]
[BlackElo "2213"]
[PlyCount "109"]
[EventDate "2011.10.15"]
[EventType "team-tourn"]
[EventRounds "11"]
[EventCountry "SVK"]
[SourceTitle "EXT 2013"]
[Source "ChessBase"]
[SourceDate "2012.11.22"]
[SourceVersion "1"]
[SourceVersionDate "2012.11.22"]
[SourceQuality "1"]
[WhiteTeam "Bratislava Slovan II"]
[BlackTeam "Nitra"]
[WhiteTeamCountry "SVK"]
[BlackTeamCountry "SVK"]

1. e4 e5 2. Nf3 Nc6 3. Bb5 a6 4. Bxc6 dxc6 5. 0-0 Qd6 6. d4 exd4 7. Qxd4 Bg4 8. Qe3 Qc5 9. Rd1 Qxe3 10. Bxe3 Bd6 11. Nbd2 0-0-0 12. h3 Bh5 13. g4 Bg6 14. Nh4 Ne7 15. f4 f6 16. Nxg6 Nxg6 17. f5 Ne5 18. Bd4 Bc5 19. Bxc5 Rxd2 20. Rxd2 Nf3+ 21. Kf2 Nxd2 22. Ke3 Nc4+ 23. Kf4 Nxb2 24. g5 fxg5+ 25. Kxg5 Nc4 26. Bd4 Rg8 27. e5 c5 28. Bc3 Kd7 29. Kf4 g6 30. e6+ Ke7 31. f6+ Kxe6 32. Re1+ Kd6 33. Re7 h6 34. Rg7 Rf8 35. Rxg6 h5 36. Rg7 b5 37. Kg5 b4 38. Be1 Ne3 39. Bg3+ Kc6 40. Rxc7+ Kd5 41. f7 Nxc2 42. Kf6 Nd4 43. Ke7 Rh8 44. Bf2 Nf5+ 45. Kf6 Nd6 46. Rxc5+ Ke4 47. Rc6 Rh6+ 48. Ke7 Nxf7 49. Rc4+ Kd3 50. Rd4+ Ke2 51. Kxf7 Kxf2 52. Rxb4 Kg3 53. h4 Rc6 54. a4 a5 55. Rb5 1/2-1/2

[Event "SVK-chT2B 1112"]
[Site "Slovakia"]
[Date "2012.01.28"]
[Round "8.5"]
[White "Gorusa, Miroslav"]
[Black "Janko, Michal"]
[Result "1/2-1/2"]
[WhiteElo "2213"]
[BlackElo "2271"]
[PlyCount "49"]
[EventDate "2011.10.08"]
[EventType "team-tourn"]
[EventRounds "11"]
[EventCountry "SVK"]
[SourceTitle "EXT 2013"]
[Source "ChessBase"]
[SourceDate "2012.11.22"]
[SourceVersion "1"]
[SourceVersionDate "2012.11.22"]
[SourceQuality "1"]
[WhiteTeam "Nitra NSK"]
[BlackTeam "Nove Zamky Basta"]
[WhiteTeamCountry "SVK"]
[BlackTeamCountry "SVK"]

1. d4 g6 2. c4 Bg7 3. Nc3 c5 4. Nf3 cxd4 5. Nxd4 Nc6 6. Nxc6 bxc6 7. e4 Rb8 8. Qc2 d6 9. Be2 Nf6 10. 0-0 0-0 11. Be3 Qa5 12. h3 Be6 13. b3 d5 14. cxd5 cxd5 15. exd5 Bxd5 16. Nxd5 Nxd5 17. Bd2 Nb4 18. Bxb4 Qxb4 19. Rad1 Rbc8 20. Bc4 Rfd8 21. a4 Bd4 22. Kh1 Qc5 23. f4 e6 24. Qe4 Bf6 25. Qf3 1/2-1/2